[Event "ICS rated standard match"]
[Site "204.178.125.65"]
[Date "2000.03.21"]
[Round "?"]
[White "Zippy"]
[Black "Hossa"]
[Result "1-0"]
[WhiteElo "2250"]
[BlackElo "2262"]
[PlyCount "183"]

1. e4 c5 2. Nf3 d6 3. d4 cxd4 4. Nxd4 Nf6 5. Nc3 a6 6. Be2 e5 7. Nf3 h6 8. Be3
Be6 9. O-O Nbd7 10. h3 Be7 11. Qd3 Nb6 12. Nd2 O-O 13. f4 Rc8 14. Rf2 Nc4 15.
Nxc4 Bxc4 16. Qd2 Bxe2 17. Rxe2 exf4 18. Bd4 Nh5 19. Nd5 Ng3 20. Ree1 Bh4 21.
c3 Re8 22. Qd1 Qg5 23. Qf3 f5 24. exf5 Qxf5 25. Nxf4 Ne4 26. Re2 Bg5 27. Rf1
Bxf4 28. Qxf4 Qxf4 29. Rxf4 d5 30. Rf5 Rcd8 31. Re3 Re6 32. Kh2 g6 33. Rff3
Rde8 34. Rf4 Rf8 35. Ref3 Ree8 36. Rxf8+ Rxf8 37. Rd3 Rf1 38. Be3 Rb1 39. b3 h5
40. Rxd5 Nxc3 41. Rd8+ Kf7 42. Rd7+ Ke8 43. Rxb7 Nxa2 44. Bd2 Rd1 45. Bf4 Nc3
46. Rg7 Ne2 47. Bg5 Rd5 48. Rxg6 Kd7 49. Be3 Rd3 50. Bh6 Rxb3 51. Rxa6 Rd3 52.
Bg5 Rd5 53. h4 Rd3 54. Rh6 Ng3 55. Bf4 Ne2 56. Be5 Rd5 57. Bf6 Rd6 58. Rh7+ Ke6
59. Bg5 Kd5 60. Rxh5 Re6 61. Kh3 Re4 62. g3 Kd6 63. g4 Rd4 64. Rh6+ Kd5 65. Rh7
Rd3+ 66. Kg2 Rb3 67. Rd7+ Kc4 68. Re7 Rb2 69. h5 Nd4+ 70. Kg3 Rb3+ 71. Re3 Rb6
72. h6 Nc2 73. h7 Rb8 74. Re7 Rb3+ 75. Kh4 Rb8 76. Rc7+ Kb3 77. Bf6 Ne1 78. g5
Nf3+ 79. Kh5 Ka4 80. g6 Rb5+ 81. Kh6 Rb8 82. g7 Nh4 83. g8=Q Rxg8 84. hxg8=Q
Nf5+ 85. Kh7 Nd6 86. Qa2+ Kb5 87. Qb1+ Ka6 88. Qa2+ Kb5 89. Qb3+ Ka6 90. Rc6+
Ka7 91. Rxd6 Ka8 92. Ra6# 1-0

[Event "ICS rated blitz match"]
[Site "204.178.125.65"]
[Date "2000.03.21"]
[Round "?"]
[White "TwinJet"]
[Black "Hossa"]
[Result "1-0"]
[WhiteElo "2799"]
[BlackElo "2485"]
[PlyCount "106"]

1. e4 e5 2. Nf3 Nc6 3. Bb5 a6 4. Bxc6 dxc6 5. O-O Qd6 6. Na3 b5 7. c3 Bg4 8. h3
Bxf3 9. Qxf3 c5 10. Nc2 c4 11. d4 cxd3 12. Rd1 Nf6 13. Rxd3 Qc6 14. Bg5 Be7 15.
Ne3 Qxe4 16. Qxe4 Nxe4 17. Bxe7 Kxe7 18. Nd5+ Kf8 19. Nxc7 Rc8 20. Nxa6 Nf6 21.
Re1 e4 22. Rd6 Ra8 23. Nb4 Rb8 24. Red1 Ne8 25. R6d5 g6 26. Nc6 Rb6 27. Ne5 Kg7
28. Rd7 Rf8 29. a3 Nf6 30. Re7 Ng8 31. Rc7 Nf6 32. Ng4 Nxg4 33. hxg4 Re8 34.
Rdd7 Rf6 35. Rc5 Rb6 36. Rdd5 Reb8 37. Kf1 e3 38. fxe3 R6b7 39. Ke2 Kf6 40. g5+
Ke7 41. e4 Ke8 42. Ke3 Kf8 43. Kd4 Rb6 44. Rc7 Kg7 45. Rdd7 Rf8 46. e5 Kg8 47.
b4 Ra6 48. c4 bxc4 49. b5 Rxa3 50. e6 Rg3 51. e7 Re8 52. b6 Rxg2 53. b7 Rg4+
1-0

[Event "ICS rated blitz match"]
[Site "204.178.125.65"]
[Date "2000.03.21"]
[Round "?"]
[White "Hossa"]
[Black "QueenMaxima"]
[Result "0-1"]
[WhiteElo "2480"]
[BlackElo "2408"]
[PlyCount "224"]

1. e4 e5 2. Nf3 Nf6 3. Nxe5 d6 4. Nxf7 Kxf7 5. d4 Be6 6. Nc3 Nbd7 7. Be2 Ke7 8.
Bf3 Qc8 9. O-O Bf7 10. e5 dxe5 11. Re1 e4 12. Nxe4 Kd8 13. Ng5 Bg8 14. Qe2 a5
15. Bf4 Ra6 16. Bg4 c5 17. dxc5 Bxc5 18. Be6 Qc6 19. Bf7 Nf8 20. Rad1+ Kc8 21.
Qd3 N8d7 22. Bxg8 Rxg8 23. Re6 Qxe6 24. Nxe6 Rxe6 25. Qb5 b6 26. Qa6+ Kd8 27.
Qb7 Re2 28. Qc7+ Ke8 29. Be3 Bxe3 30. fxe3 Rf8 31. Qc3 Nc5 32. Qe5+ Kf7 33.
Qc7+ Kg8 34. Qxb6 Rxc2 35. Qxa5 Ng4 36. Re1 Rff2 37. Qd8+ Kf7 38. Qd5+ Kg6 39.
Kh1 Nf6 40. Qd8 Rxg2 41. Rg1 Rxg1+ 42. Kxg1 Rxb2 43. Qd4 Rb1+ 44. Kg2 Nfe4 45.
Qd5 Rb2+ 46. Kh1 Rd2 47. Qc6+ Rd6 48. Qc8 Rd1+ 49. Kg2 Rd2+ 50. Kg1 Rd7 51. Kg2
Kg5 52. Qf8 Kg6 53. Qc8 Rd5 54. a3 Nf6 55. Qc7 Rd2+ 56. Kg1 Nce4 57. Qb6 Rd1+
58. Kg2 Nc3 59. Qb3 Ncd5 60. a4 Ng4 61. Qb8 Ndxe3+ 62. Kg3 Rg1+ 63. Kf4 Rf1+
64. Ke4 Nf5 65. Qb6+ Kg5 66. Qc7 Re1+ 67. Kd3 Re3+ 68. Kc4 Rh3 69. Qd8+ Kg6 70.
Qe8+ Kh6 71. Qb8 Nfe3+ 72. Kd4 Kg5 73. Qd8+ Nf6 74. Qb8 Neg4 75. Qc7 Kg6 76.
Qc2+ Kh5 77. Qc7 g5 78. Qf7+ Kh4 79. Qe7 Rxh2 80. Qe1+ Rf2 81. Kc4 h5 82. Kb5
Kg3 83. Qg1+ Kf4 84. Qa1 h4 85. a5 Ne4 86. a6 Nd6+ 87. Kc5 Nc8 88. a7 Nxa7 89.
Qxa7 h3 90. Qc7+ Ne5 91. Kd5 Rd2+ 92. Ke6 Re2 93. Qc1+ Re3 94. Kf6 h2 95. Kg7
g4 96. Kf6 g3 97. Qf1+ Rf3 98. Qc1+ Ke4+ 99. Kg5 Nd3 100. Qc6+ Ke3 101. Qb6+
Ke2 102. Qb1 g2 103. Qa2+ Kf1 104. Qb1+ Kf2 105. Qc2+ Kg3 106. Qc7+ Rf4 107.
Qd6 g1=Q 108. Qxd3+ Rf3 109. Qc2 h1=Q 110. Kg6 Qa7 111. Qa2 Qhh7+ 112. Kg5 Rf5#
0-1

[Event "ICS rated blitz match"]
[Site "204.178.125.65"]
[Date "2000.03.21"]
[Round "?"]
[White "MissSilicon"]
[Black "Hossa"]
[Result "1-0"]
[WhiteElo "2694"]
[BlackElo "2461"]
[PlyCount "99"]

1. e4 c5 2. Nf3 Nc6 3. d4 cxd4 4. Nxd4 Nf6 5. Nc3 d6 6. Bc4 e6 7. Be3 Be7 8.
Qe2 O-O 9. O-O-O a6 10. Bb3 Qc7 11. Nxc6 bxc6 12. f4 Rb8 13. Rd2 Qb7 14. Bd4 c5
15. Bxf6 Bxf6 16. Rxd6 Bxc3 17. bxc3 a5 18. Re1 Qa7 19. Red1 a4 20. Bc4 Qe7 21.
Qe3 Bb7 22. R1d2 Qh4 23. g3 Qh5 24. Rb6 Ba8 25. Ra6 Rfc8 26. Qd3 Rf8 27. Rxa4
g5 28. e5 Rb6 29. Qe3 Rfb8 30. Bb3 Bc6 31. Rc4 gxf4 32. gxf4 Qg4 33. Rd6 Bf3
34. f5 Qg2 35. Rxc5 R6b7 36. fxe6 fxe6 37. Rxe6 Kh8 38. Rf6 Be4 39. Qf2 Qg5+
40. Kb2 Qg7 41. Rc4 Bd5 42. Rb4 Rxb4 43. cxb4 Bxb3 44. axb3 Qe7 45. e6 Rd8 46.
Qf5 Qxb4 47. Qe5 Qd4+ 48. Qxd4 Rxd4 49. Rf8+ Kg7 50. e7 1-0

[Event "ICS rated blitz match"]
[Site "204.178.125.65"]
[Date "2000.03.21"]
[Round "?"]
[White "Beadle"]
[Black "Hossa"]
[Result "1-0"]
[WhiteElo "2499"]
[BlackElo "2454"]
[PlyCount "134"]

1. e4 c5 2. Nf3 d6 3. d4 cxd4 4. Nxd4 Nf6 5. Nc3 a6 6. Be3 e5 7. Nf3 Qc7 8. Bg5
Nbd7 9. Be2 Be7 10. O-O O-O 11. Qd2 b6 12. Rad1 Bb7 13. Bxf6 Nxf6 14. Bd3 b5
15. a3 Rad8 16. Rfe1 d5 17. exd5 Nxd5 18. Nxd5 Rxd5 19. Qe2 f6 20. c4 Rc5 21.
Nd2 bxc4 22. Bxc4+ Kh8 23. Bxa6 Bxa6 24. Qxa6 Rc6 25. Qa4 Rd8 26. Nc4 Rc8 27.
b3 Bc5 28. Rd5 Bd4 29. g3 Rb8 30. Rd1 Kg8 31. Rd2 Qb7 32. Rd3 Rc7 33. Ne3 Rc1+
34. Kg2 Ra1 35. Kh3 Qf7 36. Rd7 Qe6+ 37. Kg2 Rxa3 38. Rxg7+ Kxg7 39. Qxa3 Qc6+
40. f3 Bxe3 41. Rxe3 Qc2+ 42. Kh3 Rb7 43. Qa4 Qc1 44. Qg4+ Kh6 45. Re4 Rf7 46.
f4 Qf1+ 47. Kh4 Qh1 48. Re2 exf4 49. gxf4 Rb7 50. h3 Qf1 51. Qf5 Rf7 52. Re3
Qf2+ 53. Rg3 Qe2 54. b4 Rf8 55. b5 Qe8 56. b6 Qf7 57. Rg5 Rh8 58. b7 Qe7 59.
b8=Q Rxb8 60. Rh5+ Kg7 61. Qxh7+ Kf8 62. Qh8+ Kf7 63. Rh7+ Kg6 64. Rg7+ Kf5 65.
Qh7+ Ke6 66. Rxe7+ Kd6 67. Re1 Rb5 1-0

[Event "ICS rated blitz match"]
[Site "204.178.125.65"]
[Date "2000.03.21"]
[Round "?"]
[White "QueenMaxima"]
[Black "Hossa"]
[Result "1-0"]
[WhiteElo "2490"]
[BlackElo "2440"]
[PlyCount "153"]

1. e4 e5 2. Nf3 Nc6 3. Bb5 a6 4. Ba4 Nf6 5. O-O Be7 6. Re1 b5 7. Bb3 O-O 8. d3
d6 9. a4 Na5 10. axb5 Nxb3 11. cxb3 Bb7 12. bxa6 Bxa6 13. d4 exd4 14. Nxd4 Qd7
15. Ra4 d5 16. Nf5 Bd8 17. Re3 c5 18. Rg3 g6 19. Nh6+ Kh8 20. exd5 Qxd5 21. Qc2
Re8 22. Bd2 Bc7 23. Rg5 Be5 24. Nc3 Qb7 25. Be3 Qc7 26. Kh1 Bd6 27. Qd1 Rf8 28.
Qf3 Ng8 29. Nxg8 Kxg8 30. Nb5 Bxb5 31. Rxa8 h6 32. Rg4 Bc6 33. Rxf8+ Bxf8 34.
Qd1 Qe7 35. Qc1 Qd7 36. f3 h5 37. Rc4 Bd5 38. Rc3 Qb5 39. Qg1 Qe2 40. Bxc5 Qxb2
41. Bd4 Bxb3 42. Rc8 Qd2 43. Bc5 Kh7 44. Rxf8 g5 45. Qa1 Kg6 46. Be7 Qd1+ 47.
Qxd1 Bxd1 48. Rg8+ Kh6 49. Bf8+ Kh7 50. Rxg5 f6 51. Rg7+ Kh8 52. Rd7 Ba4 53.
Ra7 Bb3 54. Bg7+ Kh7 55. Bxf6+ Kg6 56. Bc3 Bf7 57. Ra6+ Kh7 58. Kg1 Bc4 59. Rb6
Bd5 60. f4 Be4 61. Kf2 Bf5 62. Ke3 Kg8 63. Rh6 Bg4 64. h3 Bd1 65. f5 Kf8 66.
Rh8+ Ke7 67. f6+ Ke6 68. Rh7 Bc2 69. Re7+ Kd6 70. Be5+ Kd5 71. f7 Ba4 72. f8=Q
Bb5 73. Rc7 Kxe5 74. Qe7+ Kf5 75. Rc5+ Kg6 76. Rg5+ Kh6 77. Qg7# 1-0

[Event "ICS rated blitz match"]
[Site "204.178.125.65"]
[Date "2000.03.21"]
[Round "?"]
[White "Hossa"]
[Black "MissSilicon"]
[Result "0-1"]
[WhiteElo "2426"]
[BlackElo "2703"]
[PlyCount "88"]

1. e4 c5 2. Nf3 e6 3. d4 cxd4 4. Nxd4 Nc6 5. Nb5 d6 6. c4 Nf6 7. N5c3 Be7 8.
Be2 O-O 9. O-O b6 10. Bf4 e5 11. Be3 a6 12. Nd5 Nxd5 13. cxd5 Nb8 14. Nc3 f5
15. f4 b5 16. fxe5 dxe5 17. Qb3 Qd6 18. Rac1 f4 19. Bf2 Kh8 20. Nb1 Qb4 21. Qc2
Bd7 22. a3 Qd6 23. Nc3 Rc8 24. b4 Bd8 25. Bf3 Bb6 26. Qd2 Ra7 27. Bh5 Bxf2+ 28.
Rxf2 Rac7 29. Na2 Rxc1+ 30. Nxc1 Rc4 31. Qe1 a5 32. Nd3 axb4 33. axb4 Bc8 34.
Be8 Bd7 35. Bf7 Na6 36. Ra2 g6 37. Nxe5 Qxe5 38. Rxa6 Rxe4 39. Qd2 Re2 40. Qd3
Bf5 41. Qxe2 Qxe2 42. Ra8+ Kg7 43. Re8 Qd1+ 44. Kf2 Kxf7 0-1

[Event "ICS Rated blitz match"]
[Site "204.178.125.65"]
[Date "2000.03.21"]
[Round "?"]
[White "Hossa"]
[Black "Levius-Primus"]
[Result "1-0"]
[WhiteElo "2425"]
[BlackElo "2095"]
[PlyCount "47"]

1. e4 e5 2. Nf3 d6 3. d4 f5 4. exf5 e4 5. Qe2 Nf6 6. Nbd2 d5 7. Ne5 Bd6 8. g4
O-O 9. f3 Bxe5 10. dxe5 exf3 11. Nxf3 Nxg4 12. Bg5 Qe8 13. O-O-O Rxf5 14. Rxd5
Nc6 15. Bh3 Qf7 16. Rhd1 Be6 17. Bxg4 Bxd5 18. Bxf5 Rf8 19. Nh4 g6 20. e6 Qg7
21. Rxd5 gxf5 22. Qh5 Ne7 23. Bxe7 Qxe7 24. Rd7 1-0

[Event "ICS Rated blitz match"]
[Site "204.178.125.65"]
[Date "2000.03.21"]
[Round "?"]
[White "Hossa"]
[Black "Levius-Primus"]
[Result "1-0"]
[WhiteElo "2433"]
[BlackElo "2087"]
[PlyCount "67"]

1. d4 e5 2. dxe5 Nc6 3. Nf3 Nge7 4. Nc3 h6 5. Be3 Nf5 6. Bf4 g5 7. e4 Nfe7 8.
Bg3 Ng6 9. Nb5 a6 10. Nbd4 Nxd4 11. Qxd4 Bg7 12. O-O-O Qe7 13. h3 O-O 14. Qc3
c6 15. Qa5 Re8 16. Rd6 Nxe5 17. Qd2 Nxf3 18. gxf3 b5 19. h4 Ra7 20. hxg5 hxg5
21. Bh3 Be5 22. Rh6 Bg7 23. Bd6 Qd8 24. Rh5 Qf6 25. c3 b4 26. cxb4 Re6 27. Bxe6
fxe6 28. Rxg5 Bb7 29. Be5 Qxe5 30. Rxe5 Bxe5 31. Qg5+ Bg7 32. Qe7 Ra8 33. Rg1
Re8 34. Qxg7# 1-0

[Event "ICS Rated blitz match"]
[Site "204.178.125.65"]
[Date "2000.03.21"]
[Round "?"]
[White "Levius-Primus"]
[Black "Hossa"]
[Result "0-1"]
[WhiteElo "2083"]
[BlackElo "2437"]
[PlyCount "46"]

1. d4 d5 2. e4 dxe4 3. Nc3 Nf6 4. Bg5 Bf5 5. Bxf6 exf6 6. g4 Bg6 7. Qe2 Qxd4 8.
Qb5+ Nd7 9. Rd1 a6 10. Qxb7 Qa7 11. Qc6 Rd8 12. h4 e3 13. f4 h5 14. f5 Bh7 15.
Rh3 hxg4 16. Rg3 Bd6 17. Rxd6 cxd6 18. Rxg4 Bxf5 19. Rxg7 Qd4 20. Nf3 Qb4 21.
b3 Bg4 22. a3 Bxf3 23. Qc7 Qxh4+ 0-1

[Event "ICS rated blitz match"]
[Site "204.178.125.65"]
[Date "2000.03.21"]
[Round "?"]
[White "Hossa"]
[Black "Levius-Primus"]
[Result "1-0"]
[WhiteElo "2448"]
[BlackElo "2072"]
[PlyCount "79"]

1. d4 e5 2. dxe5 Nc6 3. Nf3 Nge7 4. Nc3 Ng6 5. Qd5 h6 6. Bd2 Qe7 7. Nb5 Kd8 8.
Bc3 a6 9. Na3 b5 10. O-O-O Bb7 11. Nd4 Kc8 12. e6 fxe6 13. Nxc6 Bxc6 14. Qd3
Nf4 15. Qd2 Nd5 16. Nb1 b4 17. Be5 d6 18. Bg3 a5 19. e4 Nf6 20. f3 g5 21. e5
Nd5 22. c4 Nf4 23. exd6 cxd6 24. h4 e5 25. hxg5 Qxg5 26. Bh4 Qf5 27. c5 d5 28.
g3 Ne6 29. Bh3 Qf7 30. Qe2 Bg7 31. f4 Kb7 32. fxe5 Nxc5 33. e6 Qe8 34. Rhf1 Ne4
35. Rf7+ Kb6 36. Rxg7 Rc8 37. Qe3+ Ka6 38. Ra7+ Kb5 39. Bf1+ Ka4 40. b3# 1-0

[Event "ICS rated blitz match"]
[Site "204.178.125.65"]
[Date "2000.03.21"]
[Round "?"]
[White "Levius-Primus"]
[Black "Hossa"]
[Result "0-1"]
[WhiteElo "2069"]
[BlackElo "2451"]
[PlyCount "66"]

1. Nf3 d5 2. d3 Nf6 3. Nc3 d4 4. Ne4 Nxe4 5. dxe4 Nc6 6. g3 e5 7. a3 f5 8. Bg5
Be7 9. Bxe7 Qxe7 10. Qd3 O-O 11. Nd2 fxe4 12. Nxe4 Be6 13. Bg2 Qf7 14. O-O Bc4
15. Qd2 Qh5 16. b3 Bxe2 17. Rfe1 Bf3 18. Ng5 Bxg2 19. Kxg2 Rf5 20. Ne4 Raf8 21.
Qe2 Qf3+ 22. Qxf3 Rxf3 23. Re2 d3 24. Ng5 dxe2 25. Nxf3 Rxf3 26. Kxf3 Nd4+ 27.
Ke3 Nxc2+ 28. Kxe2 Nxa1 29. b4 Nc2 30. Kd2 Nxa3 31. Kc3 b5 32. Kb3 Nc4 33. Kc3
c6 0-1

[Event "ICS rated blitz match"]
[Site "204.178.125.65"]
[Date "2000.03.21"]
[Round "?"]
[White "Levius-Primus"]
[Black "Hossa"]
[Result "0-1"]
[WhiteElo "2063"]
[BlackElo "2457"]
[PlyCount "114"]

1. d4 d5 2. e4 dxe4 3. Nc3 Nf6 4. f3 exf3 5. Nxf3 Bf5 6. Ne5 e6 7. g4 Bg6 8.
Qf3 Bxc2 9. Qxb7 Nbd7 10. Nc6 Qc8 11. Ba6 Nb6 12. Qxc8+ Rxc8 13. Bxc8 Nxc8 14.
g5 Ne4 15. O-O Nxc3 16. bxc3 Bd6 17. Bf4 Be4 18. Nb4 h6 19. gxh6 gxh6 20. Bxd6
Nxd6 21. Kf2 Bd5 22. Nxd5 exd5 23. Rae1+ Ne4+ 24. Kf3 Kf8 25. Rxe4 dxe4+ 26.
Kxe4 Rg8 27. Rf6 Rg4+ 28. Kd5 Rh4 29. Rf2 Rh3 30. Rc2 Ke8 31. Kc6 Kd8 32. Kb7
a5 33. Ka6 Rh5 34. c4 a4 35. d5 Rf5 36. Kb5 a3 37. Kb4 Rf3 38. Rc3 Rf2 39. Rxa3
Rxh2 40. Kc5 Kd7 41. Ra7 Re2 42. a4 h5 43. a5 h4 44. d6 Re5+ 45. Kd4 Kxd6 46.
Ra6+ c6 47. Ra8 Rg5 48. c5+ Rxc5 49. Rd8+ Kc7 50. Kxc5 Kxd8 51. a6 Kc7 52. a7
Kb7 53. a8=Q+ Kxa8 54. Kxc6 h3 55. Kd5 h2 56. Ke4 h1=Q+ 57. Kf5 Qh4 0-1

[Event "ICS Rated blitz match"]
[Site "204.178.125.65"]
[Date "2000.03.21"]
[Round "?"]
[White "RedBear"]
[Black "Hossa"]
[Result "1-0"]
[WhiteElo "2577"]
[BlackElo "2463"]
[PlyCount "78"]

1. e4 c5 2. c3 Nf6 3. e5 Nd5 4. d4 cxd4 5. Nf3 Nc6 6. Bc4 Nb6 7. Bb3 d6 8. exd6
Qxd6 9. O-O Be6 10. Na3 Bxb3 11. Qxb3 Qd5 12. Nb5 Rc8 13. Nfxd4 Nxd4 14. Nxd4
e6 15. Rd1 Bc5 16. Qb5+ Qd7 17. Qe2 Qe7 18. Nb5 a6 19. b4 Nd5 20. bxc5 axb5 21.
Qxb5+ Rc6 22. Rb1 O-O 23. Qb3 Rb8 24. c4 Nc7 25. Qg3 e5 26. Ba3 Rg6 27. Qh3 Ne6
28. c6 Qe8 29. Rxb7 Rc8 30. Rdd7 Nf4 31. Qf3 Rxg2+ 32. Kh1 Qe6 33. Rxf7 Qxc4
34. Qxg2 Qxf7 35. Rxf7 Nxg2 36. Rf8+ Rxf8 37. Bxf8 Kxf8 38. c7 Nf4 39. c8=Q+
Ke7 1-0

[Event "ICS rated blitz match"]
[Site "204.178.125.65"]
[Date "2000.03.21"]
[Round "?"]
[White "Hossa"]
[Black "sga"]
[Result "0-1"]
[WhiteElo "2452"]
[BlackElo "2352"]
[PlyCount "174"]

1. e4 c5 2. Nf3 Nc6 3. d4 cxd4 4. Nxd4 Nf6 5. Nc3 d6 6. Bg5 e6 7. Qd2 a6 8.
O-O-O Be7 9. Nf3 h6 10. Bh4 b5 11. Bxf6 gxf6 12. Kb1 h5 13. Nd4 Qb6 14. Nxc6
Qxc6 15. f3 Bd7 16. Ne2 Qb6 17. Nf4 h4 18. Be2 a5 19. g3 a4 20. a3 Kd8 21. Qe1
hxg3 22. hxg3 Rxh1 23. Qxh1 Kc7 24. Qh7 Rf8 25. c3 Qf2 26. Qg7 Kd8 27. Rf1 Qe3
28. Qh6 Ke8 29. Qh2 Qc5 30. Rd1 Rg8 31. g4 Qg5 32. Bf1 Qg7 33. Qf2 Qg5 34. Nh3
Qc5 35. Qxc5 dxc5 36. Rxd7 Kxd7 37. Bxb5+ Kc7 38. Bxa4 Rh8 39. Nf2 Rh2 40. Nd1
Rh3 41. Be8 Rxf3 42. Bxf7 Kd6 43. b4 cxb4 44. axb4 Rf4 45. Bh5 Rxe4 46. Kc2 f5
47. Kb3 f4 48. c4 Re1 49. c5+ Kc7 50. Kc2 Bg5 51. Kd2 Re4 52. Kc3 f3 53. Be8
Re1 54. Ba4 e5 55. Bb3 e4 56. b5 e3 57. b6+ Kb7 58. Bd5+ Kc8 59. Bxf3 e2 60.
Bxe2 Rxe2 61. Kb4 Kb7 62. Nc3 Bd2 63. Kc4 Bxc3 64. Kxc3 Re4 65. g5 Rg4 66. g6
Kc6 67. Kd3 Rxg6 68. Kc4 Rg4+ 69. Kd3 Kxc5 70. b7 Rb4 71. b8=Q Rxb8 72. Ke4
Rb4+ 73. Kd3 Kd5 74. Ke3 Ra4 75. Kf3 Ke5 76. Ke3 Ra3+ 77. Kd2 Kd4 78. Ke2 Rb3
79. Kf2 Ke4 80. Ke2 Rb2+ 81. Kd1 Rh2 82. Ke1 Kf3 83. Kd1 Ke3 84. Kc1 Kd3 85.
Kb1 Kc3 86. Ka1 Kb3 87. Kb1 Rh1# 0-1

[Event "ICS rated blitz match"]
[Site "204.178.125.65"]
[Date "2000.03.21"]
[Round "?"]
[White "Kob"]
[Black "Hossa"]
[Result "0-1"]
[WhiteElo "2281"]
[BlackElo "2432"]
[PlyCount "72"]

1. b3 e5 2. Bb2 Nc6 3. g3 Nf6 4. Bg2 d5 5. e3 e4 6. Ne2 Bd6 7. d3 exd3 8. cxd3
Bf5 9. Nbc3 O-O 10. e4 dxe4 11. dxe4 Bg4 12. O-O Re8 13. h3 Bh5 14. g4 Bg6 15.
f3 Bc5+ 16. Kh1 Qc8 17. a3 Rd8 18. Qc2 Nd4 19. Nxd4 Bxd4 20. f4 h6 21. f5 Bh7
22. Rad1 c6 23. Ne2 Bxb2 24. Qxb2 Re8 25. Ng3 Qc7 26. Rf3 Nxe4 27. Nxe4 Rxe4
28. Rfd3 Re7 29. Rd6 Rae8 30. Qc3 Qb6 31. Rd7 Re3 32. Qc4 Qxb3 33. Qf4 Qxa3 34.
Rc7 Qb3 35. Rdd7 Rxh3+ 36. Bxh3 Qxh3+ 0-1

[Event "ICS rated blitz match"]
[Site "204.178.125.65"]
[Date "2000.03.21"]
[Round "?"]
[White "Hossa"]
[Black "TwinJet"]
[Result "0-1"]
[WhiteElo "2441"]
[BlackElo "2818"]
[PlyCount "66"]

1. c4 Nf6 2. Nc3 g6 3. d4 Bg7 4. e4 d6 5. Nf3 O-O 6. Be3 c5 7. d5 Na6 8. Be2
Ng4 9. Bg5 f5 10. Nd2 Nxf2 11. Kxf2 h6 12. Bh4 g5 13. Bg3 f4 14. Bxf4 Rxf4+ 15.
Ke1 e6 16. g3 Rf8 17. Rf1 Rxf1+ 18. Bxf1 Qe8 19. Be2 exd5 20. Bh5 Qe6 21. cxd5
Qh3 22. Qf3 Bd7 23. Qf7+ Kh8 24. Rc1 Rf8 25. Qe7 Qxh5 26. Qxd7 Nb4 27. Nb3
Bxc3+ 28. Rxc3 Qxh2 29. Nc1 Qf2+ 30. Kd1 Qf1+ 31. Kd2 Rf2+ 32. Ke3 Qe1+ 33. Ne2
Qxe2# 0-1

[Event "ICS rated blitz match"]
[Site "204.178.125.65"]
[Date "2000.03.21"]
[Round "?"]
[White "bkidambi"]
[Black "Hossa"]
[Result "0-1"]
[WhiteElo "2395"]
[BlackElo "2438"]
[PlyCount "132"]

1. d4 Nf6 2. c4 e6 3. Nf3 b6 4. a3 Bb7 5. Nc3 d5 6. Bg5 Be7 7. Qa4+ Qd7 8. Bxf6
Qxa4 9. Nxa4 Bxf6 10. e3 dxc4 11. Bxc4 Nd7 12. Rc1 O-O 13. Bb5 c6 14. Bd3 c5
15. dxc5 Bc6 16. Nc3 Nxc5 17. Bc2 Rad8 18. O-O Rfe8 19. Rfd1 Rxd1+ 20. Rxd1
Bxf3 21. gxf3 Bxc3 22. bxc3 e5 23. c4 h5 24. Rd5 h4 25. Kg2 Kf8 26. Kh3 g5 27.
Kg4 f6 28. Kf5 Ke7 29. h3 Rc8 30. f4 exf4 31. exf4 Ne6 32. fxg5 Nxg5 33. Rd4
Rc5+ 34. Kg4 Ne6 35. Rd2 Rxc4+ 36. Kh5 Rf4 37. Re2 Kd6 38. Rd2+ Nd4 39. Bd1 Kd5
40. Bg4 f5 41. Kg5 Ke5 42. Bd1 b5 43. Bh5 a5 44. Bd1 b4 45. axb4 axb4 46. Rb2
Ne6+ 47. Kh5 Rd4 48. Re2+ Kf6 49. Re1 Nf4+ 50. Kh6 Rd8 51. Kh7 Ng6 52. Re6+
Kxe6 53. Kxg6 Rxd1 54. Kg5 Rh1 55. Kxh4 Rxh3+ 56. Kxh3 b3 57. Kh4 b2 58. Kg5
Kd5 59. Kg6 Ke5 60. Kg7 f4 61. Kg6 b1=Q+ 62. Kg5 Qg1+ 63. Kh4 Qxf2+ 64. Kh5 Kf5
65. Kh6 Qa7 66. Kh5 Qh7# 0-1

[Event "ICS rated blitz match"]
[Site "204.178.125.65"]
[Date "2000.03.21"]
[Round "?"]
[White "bkidambi"]
[Black "Hossa"]
[Result "1-0"]
[WhiteElo "2368"]
[BlackElo "2465"]
[PlyCount "119"]

1. d4 d5 2. c3 c6 3. Bf4 Bf5 4. Nd2 Nf6 5. e3 Nbd7 6. Ngf3 e6 7. h3 Be7 8. Be2
h6 9. O-O g5 10. Bg3 g4 11. hxg4 Nxg4 12. Nh2 Ngf6 13. Kh1 h5 14. Bh4 Ng4 15.
Bxe7 Qxe7 16. Kg1 Nxh2 17. Kxh2 h4 18. Bg4 Bxg4 19. Qxg4 O-O-O 20. e4 Nf6 21.
Qf3 Rdg8 22. Rae1 Ng4+ 23. Kh1 Qg5 24. Nb3 Rg6 25. e5 f6 26. Nc5 f5 27. Nd3 Rg7
28. Nf4 Rh6 29. b3 a5 30. Rc1 b5 31. c4 bxc4 32. bxc4 Kb8 33. cxd5 exd5 34.
Rb1+ Kc8 35. Rb6 Rc7 36. Rfb1 Kd8 37. Rb8+ Rc8 38. R8b7 Ke8 39. Kg1 Rd8 40. Ra7
Rd7 41. Rxa5 Rd8 42. Ra7 h3 43. Nxh3 Qh5 44. Rbb7 Re6 45. Qa3 c5 46. Rh7 Rh6
47. Rhe7+ Kf8 48. Qxc5 Rhd6 49. exd6 Nh6 50. d7 Kg8 51. Qc1 Nf7 52. Rc7 Qg4 53.
Rc8 Kf8 54. Rxf7+ Kxf7 55. Rxd8 Qxd4 56. Re8 Qa4 57. d8=Q Qg4 58. Qe7+ Kg6 59.
Rg8+ Kh5 60. Qh7# 1-0

[Event "ICS rated blitz match"]
[Site "204.178.125.65"]
[Date "2000.03.21"]
[Round "?"]
[White "Hossa"]
[Black "bkidambi"]
[Result "0-1"]
[WhiteElo "2445"]
[BlackElo "2388"]
[PlyCount "142"]

1. c4 g6 2. Nc3 Bg7 3. d4 Nf6 4. e4 O-O 5. Be2 d6 6. Bf4 Nc6 7. Nf3 Nh5 8. Bg5
h6 9. Be3 e5 10. d5 Ne7 11. Qd2 Kh7 12. O-O-O a6 13. Rde1 Bd7 14. Kb1 Qb8 15.
Qc2 Nf4 16. Bxf4 exf4 17. g3 fxg3 18. hxg3 b5 19. Rh4 Qb6 20. Rh2 Rab8 21. cxb5
axb5 22. Rc1 Qa5 23. Nd2 Ra8 24. Qb3 Rfb8 25. g4 c5 26. dxc6 Be6 27. Qa3 Qxa3
28. bxa3 Nxc6 29. Rh4 b4 30. Nb5 Nd4 31. Nxd4 Bxd4 32. Rch1 bxa3+ 33. Kc2 Rb2+
34. Kd3 Bg7 35. Nf3 Bxa2 36. Nd2 Rc8 37. e5 dxe5 38. Ke3 Rcc2 39. Rd1 e4 40. g5
h5 41. Bxh5 gxh5 42. Nxe4 Kg6 43. Kf3 Be6 44. Kf4 a2 45. Rhh1 Rxf2+ 46. Nxf2
Rxf2+ 47. Kg3 Rf5 48. Kh2 Rxg5 49. Rhe1 h4 50. Kh1 h3 51. Rc1 Bd5+ 52. Kh2 Be5+
53. Rxe5 Rxe5 54. Ra1 Re3 55. Rc1 Be6 56. Rg1+ Kh5 57. Rd1 Re2+ 58. Kg3 Rg2+
59. Kf4 h2 60. Rh1 Rb2 61. Ke4 Kh4 62. Kd4 Kg3 63. Re1 Rb1 64. Re3+ Kf2 65. Ra3
h1=Q 66. Rxa2+ Bxa2 67. Ke5 Re1+ 68. Kd6 Qd5+ 69. Kc7 Re7+ 70. Kb6 Rb7+ 71. Ka6
Qb5# 0-1

[Event "ICS rated blitz match"]
[Site "204.178.125.65"]
[Date "2000.03.21"]
[Round "?"]
[White "PostModernist"]
[Black "Hossa"]
[Result "1-0"]
[WhiteElo "2531"]
[BlackElo "2426"]
[PlyCount "115"]

1. d4 d5 2. Nf3 Nf6 3. e3 e6 4. c4 Be7 5. Nc3 Nc6 6. a3 dxc4 7. Bxc4 O-O 8. O-O
Bd7 9. e4 Na5 10. Ba2 Bc8 11. Qd3 Nc6 12. e5 Nd7 13. Bb1 f5 14. exf6 Nxf6 15.
Re1 Kh8 16. Bc2 b6 17. Bg5 Rf7 18. Bxf6 gxf6 19. Bb3 Ne5 20. Nxe5 fxe5 21. Qe4
c6 22. Qxc6 Bd7 23. Qe4 exd4 24. Qxd4+ Bf6 25. Qd3 Qe7 26. Rad1 Bh4 27. g3 Bg5
28. Ne4 Bh6 29. f4 Raf8 30. f5 Bg7 31. fxe6 Bxe6 32. Bxe6 Qxe6 33. Ng5 Qf5 34.
Nxf7+ Qxf7 35. Rf1 Qe8 36. Rxf8+ Bxf8 37. Qd4+ Kg8 38. b4 Qe2 39. Rf1 Qe8 40.
Qc4+ Kh8 41. Qf7 Qe3+ 42. Kg2 Bg7 43. Rd1 Qe4+ 44. Kh3 Qa8 45. Qe7 Qc8+ 46. Rd7
Qg8 47. Rd8 Bb2 48. Rxg8+ Kxg8 49. Qxa7 Bf6 50. Qxb6 Kg7 51. a4 h5 52. a5 Be7
53. a6 Kf8 54. Qg6 Bxb4 55. a7 Ke7 56. a8=Q Kd7 57. Qae8+ Kc7 58. Qgc6# 1-0

[Event "ICS rated blitz match"]
[Site "204.178.125.65"]
[Date "2000.03.21"]
[Round "?"]
[White "LittleGoliath"]
[Black "Hossa"]
[Result "1/2-1/2"]
[WhiteElo "2661"]
[BlackElo "2415"]
[PlyCount "153"]

1. e4 e5 2. Nf3 Nc6 3. Bb5 a6 4. Ba4 Nf6 5. O-O Be7 6. Re1 b5 7. Bb3 d6 8. c3
O-O 9. h3 Bb7 10. d4 Re8 11. Nbd2 Bf8 12. d5 Ne7 13. Nf1 a5 14. a4 b4 15. cxb4
axb4 16. Ng3 g6 17. Be3 c5 18. dxc6 Nxc6 19. Ng5 Re7 20. Qd2 Bg7 21. Bc4 Rb8
22. Bb5 d5 23. Bc5 Rd7 24. Qc1 Rc8 25. exd5 Nxd5 26. N3e4 h6 27. Nf3 f5 28.
Ned2 e4 29. Nh2 Ne5 30. Bxd7 Nxd7 31. Nb3 Nxc5 32. Nxc5 Qe7 33. Qd2 Rxc5 34.
Nf1 Qf6 35. Reb1 Qd6 36. Rc1 Rxc1 37. Rxc1 Be5 38. Rd1 Bf4 39. Qd4 Qc7 40. Kh1
Qc2 41. Ra1 b3 42. a5 Qe2 43. a6 Ba8 44. Qa7 Bc6 45. Qd4 Qd3 46. Qc5 Qc2 47.
Qd4 Qe2 48. Qc5 Qxb2 49. Qxc6 Qxa1 50. Qxd5+ Kg7 51. Qd7+ Kf6 52. Qd8+ Ke6 53.
Qe8+ Kd5 54. Qb5+ Kd6 55. Qb4+ Ke5 56. Qb8+ Kd4 57. Qxf4 Qxf1+ 58. Kh2 Qxa6 59.
Qe3+ Ke5 60. Qc3+ Ke6 61. Qxb3+ Ke7 62. Qc3 Qd6+ 63. Kg1 Qd1+ 64. Kh2 Kf7 65.
Qc7+ Kf6 66. Qb6+ Kg5 67. Qe3+ Kh5 68. Qf4 Qd7 69. f3 exf3 70. Qxf3+ Kg5 71.
Qe3+ f4 72. Qe5+ Qf5 73. Qe7+ Qf6 74. Qc5+ Qf5 75. Qe7+ Qf6 76. Qc5+ Qf5 77.
Qe7+ 1/2-1/2

[Event "ICS rated bullet match"]
[Site "204.178.125.65"]
[Date "2000.03.21"]
[Round "?"]
[White "Hossa"]
[Black "TheRookie"]
[Result "1-0"]
[WhiteElo "2396"]
[BlackElo "1501"]
[PlyCount "29"]

1. e4 Nc6 2. Nf3 f5 3. exf5 d5 4. Bb5 Bxf5 5. Ne5 Qd6 6. d4 O-O-O 7. Bxc6 bxc6
8. Qe2 Bg6 9. Qa6+ Kb8 10. Nxc6+ Qxc6 11. Qxc6 Nf6 12. Bf4 Rd7 13. Be5 e6 14.
Bxf6 gxf6 15. Qxd7 1-0